Understanding Psychology (Record no. 96007)

MARC details
000 -LEADER
fixed length control field 00523nam a2200217Ia 4500
008 - FIXED-LENGTH DATA ELEMENTS--GENERAL INFORMATION
fixed length control field 230125s9999 xx 000 0 und d
020 ## - INTERNATIONAL STANDARD BOOK NUMBER
International Standard Book Number 978-93-5260-794-5
041 ## - LANGUAGE CODE
Language code of text/sound track or separate title eng
082 ## - DEWEY DECIMAL CLASSIFICATION NUMBER
Classification number 150
Item number FEL
100 ## - MAIN ENTRY--PERSONAL NAME
Personal name Feldman R S
9 (RLIN) 118030
245 ## - TITLE STATEMENT
Title Understanding Psychology
250 ## - EDITION STATEMENT
Edition statement 12th Ed.
260 ## - PUBLICATION, DISTRIBUTION, ETC. (IMPRINT)
Date of publication, distribution, etc. 2018
Name of publisher, distributor, etc. Mcgraw-hill
Place of publication, distribution, etc. Chennai
300 ## - PHYSICAL DESCRIPTION
Extent 612p
440 ## - SERIES STATEMENT/ADDED ENTRY--TITLE
Volume/sequential designation 5
500 ## - GENERAL NOTE
Keywords Psychology;
650 ## - SUBJECT ADDED ENTRY--TOPICAL TERM
Topical term or geographic name as entry element Psychology
9 (RLIN) 106838
700 ## - ADDED ENTRY--PERSONAL NAME
Personal name Feldman R S
9 (RLIN) 118030
906 ## - LOCAL DATA ELEMENT F, LDF (RLIN)
b 27
Holdings
Withdrawn status Lost status Damaged status Not for loan Home library Current library Date acquired Vendor Cost, normal purchase price Bill number Total Checkouts Full call number Barcode Date last seen Cost, replacement price Bill Date Koha item type Original Barcode Total Renewals Date last checked out
        Smt. Hiraben Nanavati Institute of Management & Research for Women Smt. Hiraben Nanavati Institute of Management & Research for Women 27/10/2018 Pritam Book Centre 995.00 10690   150 FEL B17279 HIMR-BK-17279 25/01/2023 968.00 26/10/2018 Books B17279    
        Smt. Hiraben Nanavati Institute of Management & Research for Women Smt. Hiraben Nanavati Institute of Management & Research for Women 27/10/2018 Pritam Book Centre 995.00 10690   150 FEL B17280 HIMR-BK-17280 25/01/2023 968.00 26/10/2018 Books B17280    
        Smt. Hiraben Nanavati Institute of Management & Research for Women Smt. Hiraben Nanavati Institute of Management & Research for Women 27/10/2018 Pritam Book Centre 995.00 10690 1 150 FEL B17281 HIMR-BK-17281 04/02/2026 968.00 26/10/2018 Books B17281 2 14/01/2026
        Smt. Hiraben Nanavati Institute of Management & Research for Women Smt. Hiraben Nanavati Institute of Management & Research for Women 27/10/2018 Pritam Book Centre 995.00 10690   150 FEL B17282 HIMR-BK-17282 25/01/2023 968.00 26/10/2018 Books B17282    
        Smt. Hiraben Nanavati Institute of Management & Research for Women Smt. Hiraben Nanavati Institute of Management & Research for Women 27/10/2018 Pritam Book Centre 995.00 10690   150 FEL B17283 HIMR-BK-17283 25/01/2023 968.00 26/10/2018 Books B17283